Vplyv delécie génov gabaT a ssadh na rast a vývoj Neurospora crassa diplomová práca

Salvato in:
Dettagli Bibliografici
Autore principale: Mosná, Barbora
Natura: Libro
Lingua:slovacco
Pubblicazione: Bratislava STU FCHPT 2017
Accesso online:Visualizza in OPAC
Tags: Aggiungi Tag
Nessun Tag, puoi essere il primo ad aggiungerne!!

MARC

LEADER 00000nam a2200000 a 4500
005 20260127134237.0
008 170619 2017 xo 001 0 slo d
035 |a vtls011697798 
039 9 |y 201706191055  |z mschk03 
040 |a STUSCHK1  |b slo  |c STUSCHK1  |e AACR2 
100 1 |a Mosná, Barbora 
245 1 |a Vplyv delécie génov gabaT a ssadh na rast a vývoj Neurospora crassa  |b diplomová práca  |c Barbora Mosná 
260 |a Bratislava  |b STU FCHPT  |c 2017 
300 |a 84 s.  |b il.  |c 25 cm 
500 |a Študijný program: biochémia a biomedicínske technológie 
500 |a Študijný odbor: biotechnológia, chémia 
500 |a Školiace pracovisko: Ústav biochémie a mikrobiológie 
500 |a Evid. číslo: FCHPT-104538-42763 
910 |a SCHK95 
999 |c 7678  |d 7678